Foreign trade and foreign exchange (Record no. 6967)

MARC details
000 -LEADER
fixed length control field 00873 a2200229 4500
005 - DATE AND TIME OF LATEST TRANSACTION
control field 20080917122651.0
008 - FIXED-LENGTH DATA ELEMENTS--GENERAL INFORMATION
fixed length control field 080917t xxu||||| |||| 00| 0 eng d
010 ## - LCCN (DPL NO)
LC control number ENG-87797
020 ## - INTERNATIONAL STANDARD BOOK NUMBER
Terms of availability 298.00
035 ## - SYSTEM CONTROL NUMBER
System control number EN-71330
037 ## - SOURCE OF ACQUISITION
Source of stock number/acquisition D.B.Act / Pub
082 ## - DEWEY DECIMAL CLASSIFICATION NUMBER
Classification number 382
100 ## - MAIN ENTRY--PERSONAL NAME
Personal name Chaudhuri, B. K.
245 ## - TITLE STATEMENT
Title Foreign trade and foreign exchange
Statement of responsibility, etc by B. K. Chaudhuri and O. P. Agarwal
250 ## - EDITION STATEMENT
Edition statement 5th rev.& enl. ed.
260 ## - PUBLICATION, DISTRIBUTION, ETC. (IMPRINT)
Place of publication, distribution, etc Mumbai
Name of publisher, distributor, etc Himalaya Publishing House
Date of publication, distribution, etc 2006
270 ## - ADDRESS
Address "Ramdoot", Dr. Bhalerao Marg, (Kelewadi), Girgaon
City Mumbai
Postal code 400 004
Telephone number 022-23860170, 022-23863863
Electronic mail address himpub@vsnl.com
300 ## - PHYSICAL DESCRIPTION
Extent 482 p.
Dimensions 24 cm. (Pbk)
700 ## - ADDED ENTRY--PERSONAL NAME
Personal name Agarwal, O. P.
942 ## - ADDED ENTRY ELEMENTS (KOHA)
Institution code [OBSOLETE] dpl
Item type English Books
Call number prefix 382 / CHA
Source of classification or shelving scheme Dewey Decimal Classification
Classification part 382
Call number suffix CHA
Holdings
Withdrawn status Lost status Source of classification or shelving scheme Damaged status Not for loan Collection code Home library Current library Date acquired Cost, normal purchase price Total Checkouts Full call number Barcode Date last seen Copy number Cost, replacement price Koha item type
    Dewey Decimal Classification   Not For Loan Non-fiction D.B.Act.Division D.B.Act.Division 17/09/2008 298.00   382 CHA EN-71330 15/09/2008 1 298.00 English Books

© Delhi Public Library
Hit Counter
free hit counter